Descubriendo la historia : la Segunda Guerra Mundial /
Gorde:
| Egile nagusia: | |
|---|---|
| Beste egile batzuk: | , , |
| Formatua: | |
| Hizkuntza: | gaztelania |
| Argitaratua: |
Las Vegas, EUA :
American Institute for Education,
2000, c2000
México : En Pantalla Producciones Internacionales [distribución], 2006, c2006 |
| Saila: | (Descubriendo la Historia)
|
| Gaiak: | |
| Etiketak: |
Etiketarik gabe, Izan zaitez lehena erregistro honi etiketa jartzen!
|
MARC
| LEADER | 00000ngm^a2200000^a^4500 | ||
|---|---|---|---|
| 001 | 000269225 | ||
| 005 | 20250521000000.0 | ||
| 009 | 20260310110919.733 | ||
| 037 | |a Acervo ITESO - Biblioteca | ||
| 041 | |a ESP | ||
| 082 | |a 909. |b DES V. 6 | ||
| 100 | |a Miller, Ronald Mark |e (prod. ejecutiva) | ||
| 240 | 1 | 1 | |a [Descubriendo la historia] |
| 245 | 1 | 0 | |a Descubriendo la historia : |b la Segunda Guerra Mundial / |c Prod. ejecutiva de R.M. Miller, J.E. Frazee ; prod. de S. Harris. |
| 246 | 2 | |a Título en la pantalla: Descubriendo la historia: Segunda Guerra Mundial | |
| 246 | 2 | |a Título en la pantalla: World War II: Cause and Effect | |
| 264 | 4 | |a Las Vegas, EUA : |b American Institute for Education, |c 2000, c2000 | |
| 264 | 4 | |a México : |b En Pantalla Producciones Internacionales [distribución], |c 2006, c2006 | |
| 300 | |a 1 DVD sin dato de región |c (60 min.) | ||
| 336 | |a imagen móvil bidimensional |b tdi |2 rdacontenido | ||
| 337 | |a video |b v |2 rdamedio | ||
| 338 | |a videodisco |b vd |2 rdasoporte | ||
| 440 | 1 | |a (Descubriendo la Historia) | |
| 500 | |a Traducción de: Kids Discovering History: World War 2 | ||
| 546 | |a Doblaje al español | ||
| 649 | |a XX | ||
| 650 | |a Guerra Mundial (Segunda), 1939-1945 - |x Historia - |x Tema Principal | ||
| 650 | |a Violencia Política - |x Historia | ||
| 650 | |a Política Internacional - |x Historia - |y 1940-1949 | ||
| 650 | |a Política Internacional - |x Historia - |y Siglo XX | ||
| 650 | |a Historia Moderna - |y 1940-1949 | ||
| 650 | |a Historia Moderna - |y Siglo XX | ||
| 650 | |a Historia Universal | ||
| 700 | |a Frazee, Jeffery Edwin |e (producción ejecutiva) | ||
| 700 | |a Harris, Scott |e (producción) | ||
| 700 | |a Manning, Rick |e (montaje) | ||
| 910 | |a Fondo General | ||
| 920 | |a Audiovisuales - DVDs | ||
| 905 | |a 302 | ||
| 901 | |a 0500143803 |b IT2 |c DVS |u 20250521 | ||
| 902 | |a https://opac.biblio.iteso.mx/vufind/Record/000269225 | ||